000 00864cam a2200265 a 4500
001 000018303
005 20200929165439.0
008 881117s1968 sp 000 p spa d
035 _aOCLC ocm18775620 from D970211T
040 _aDO-SdBNP
_cCUY
_dEQO
_dBNPHU
082 _a861.5
_bC198p
100 1 _aCampoamor, Ramón de,
_d1817-1901
_99880
245 1 4 _aLos pequeños poemas /
_cRamón de Campoamor ; introducción y prólogo de Salustiano Masó.
260 _aMadrid :
_bTaurus,
_c1968.
300 _a239 p. ;
_c18 cm.
490 1 _aTemas de España
_v71
504 _aBibliografías: 25-26.
650 4 _aPoesía española
_9631
650 4 _aLiteratura española
_ySIGLO XX
_93326
700 1 _aMasó, Salustiano,
_epról.
_929539
830 0 _aTemas de España ;
_v71
_96849
910 _aCatalogación derivada /Oxford
910 _aWM
049 _aBNGR
999 _c17824
_d17824